=LDR 00000nam 2200000 4500 =001 INLIS000000000006850 =005 20130612094935 =008 ***********************************Ind** =035 ##$$a0010-061300000006850 =041 ##$$a Ind =082 ##$$a 910 =090 ##$$a 910, Jam g =100 ##$$a Jamari =245 ##$$a Geografi regional dunia, Dr. H. Djamari =260 ##$$a 21 cm $b Jakarta =300 ##$$a 30 hlm., 21 cm =650 ##$$a Geografi =850 ##$$a NBPNMAT =990 ##$$a 21400613/BPAP-NTB/20142014